La géométrie des groupes classiques /

Guardado en:
Autor Principal: Dieudonné, Jean Alexandre, 1906-
Formato: Libro
Idioma:French
Publicado: Berlin : Springer-Verlag, 1955.
Series:Ergebnisse der Mathematik und ihrer Grenzgebiete, n.F. ; Heft 5
Etiquetas: Agregar Etiqueta
Sin Etiquetas, Sea el primero en etiquetar este registro!
LEADER 00555nam a22001575a 4500
001 MAT.inmabb000739
008 031119s1955####gw############001#0#fre#d
005 20130304102423.0
245 1 3 |a La géométrie des groupes classiques /  |c par Jean Dieudonné. 
260 |a Berlin :  |b Springer-Verlag,  |c 1955. 
300 |a vii, 115 p. ;  |c cm. 
440 0 |a Ergebnisse der Mathematik und ihrer Grenzgebiete, n.F. ;  |v Heft 5 
510 4 |a MR,  |c 17,236a 
100 1 |a Dieudonné, Jean Alexandre,  |d 1906- 
084 |a 20G15 (15A63 15A66)  |2 msc2000 
859 |h 20  |i D567  |p A-544  |b BIB. MATEMATICA